Professional Social Work: (Record no. 207343)

MARC details
000 -LEADER
fixed length control field 00523nam a22001817a 4500
005 - DATE AND TIME OF LATEST TRANSACTION
control field 20241203115238.0
010 ## - LCCN (DPL NO)
LC control number ENG-142822
020 ## - INTERNATIONAL STANDARD BOOK NUMBER
Terms of availability 240.00
035 ## - SYSTEM CONTROL NUMBER
System control number EN-126354
037 ## - SOURCE OF ACQUISITION
Source of stock number/acquisition DBAD/PUB
082 ## - DEWEY DECIMAL CLASSIFICATION NUMBER
Classification number 361.30954
100 ## - MAIN ENTRY--PERSONAL NAME
Personal name Jain, Taruna
245 ## - TITLE STATEMENT
Title Professional Social Work:
Remainder of title Indian Perspective/
Statement of responsibility, etc By Taruna Jain
260 ## - PUBLICATION, DISTRIBUTION, ETC. (IMPRINT)
Place of publication, distribution, etc Delhi
Name of publisher, distributor, etc Neeraj Publications
270 ## - ADDRESS
City Delhi
Address 1507, First Floor, Nai Sarak,
Postal code 06
300 ## - PHYSICAL DESCRIPTION
Extent 167 p.
Dimensions 28cm(pbk)
942 ## - ADDED ENTRY ELEMENTS (KOHA)
Source of classification or shelving scheme Dewey Decimal Classification
Item type English Books
Classification part 361.30954
Call number suffix JAI

No items available.


© Delhi Public Library
Hit Counter
free hit counter